Biblioteca y Centro de Documentación

Protecting Democracy in Europe (Registro nro. 53961)

Detalles MARC
000 -CABECERA
Longitud fija campo de control 02486nam a2200325.c 4500
001 - NÚMERO DE CONTROL
Número de control 53961
003 - IDENTIFICADOR DE NÚMERO DE CONTROL
Identificador del número de control ES-MaCES
005 - FECHA Y HORA DE LA ÚLTIMA TRANSACCIÓN
Fecha y hora de la última transacción 20251119144013.0
008 - CAMPO FIJO DE DESCRIPCIÓN FIJA--INFORMACIÓN GENERAL
Códigos de información de longitud fija   251114s2024 uk ||||| |||||||||||eng|d
020 ## - ISBN (INTERNATIONAL STANDARD BOOK NUMBER)
Número Internacional Normalizado para Libros (ISBN) 9781911723745
040 ## - FUENTE DE CATALOGACIÓN
Centro catalogador de origen ES-MaCES
Lengua de catalogación spa
Centro transcriptor ES-MaCES
100 1# - ENCABEZAMIENTO PRINCIPAL--NOMBRE PERSONAL
9 (RLIN) 41562
Nombre de persona Theuns, Tom
245 10 - MENCIÓN DE TÍTULO
Título Protecting Democracy in Europe
Resto del título : pluralism, autocracy and the future of the EU
Mención de responsabilidad, etc. Tom Theuns
260 ## - PUBLICACIÓN, DISTRIBUCIÓN, ETC (PIE DE IMPRENTA)
Lugar de publicación, distribución, etc. London
Nombre del editor, distribuidor, etc. Hurst & Co.
Fecha de publicación, distribución, etc. [2024]
300 ## - DESCRIPCIÓN FÍSICA
Extensión XII, 254 p.
Otras características físicas 23 cm
500 ## - NOTA GENERAL
Nota general Índices
520 3# - RESUMEN, ETC.
Sumario, etc, El futuro de Europa como comunidad de estados democráticos es profundamente incierto. La Unión Europea, fundada para promover una integración cada vez mayor, aspira nominalmente a una cooperación pacífica y próspera. Sin embargo, este ideal se ha visto golpeado por una serie de crisis devastadoras, y ahora por la guerra.<br/>Proteger la democracia en Europa examina cómo, en este nuevo panorama, la UE puede y debe salvaguardar la gobernanza democrática en sus estados miembros. Al revisar las respuestas pasadas de la Unión, Tom Theuns demuestra que sus leyes y políticas actuales son normativa y expresivamente incoherentes. Su incapacidad para defender los valores democráticos no sorprende: el conjunto de herramientas actual de la UE se basa en una concepción empobrecida de la democracia y contradice sus principios fundamentales. Un análisis detallado de los discursos de los comisarios europeos revela que conciben la democracia de forma técnica y legalista. Esta perspectiva —«democracia sin política»— resulta fácil de explotar para los aspirantes a autócratas.<br/>Para proteger la democracia en Europa, Theuns sostiene que la UE debe corregir urgentemente las políticas que la hacen cómplice del retroceso democrático. Debe contener las influencias autocráticas (dentro de los estrictos límites de su autoridad política) y debe fomentar la democracia pluralista en sus países miembros. Pero donde esto fracase, concluye, los miembros autocráticos deberían ser expulsados.
650 #4 - ASIENTO SECUNDARIO DE MATERIA--TÉRMINO DE MATERIA
9 (RLIN) 27175
Término de materia o nombre geográfico como elemento inicial democracia
650 #4 - ASIENTO SECUNDARIO DE MATERIA--TÉRMINO DE MATERIA
9 (RLIN) 29381
Término de materia o nombre geográfico como elemento inicial integración política
650 #4 - ASIENTO SECUNDARIO DE MATERIA--TÉRMINO DE MATERIA
9 (RLIN) 29225
Término de materia o nombre geográfico como elemento inicial desarrollo político
650 #4 - ASIENTO SECUNDARIO DE MATERIA--TÉRMINO DE MATERIA
9 (RLIN) 27244
Término de materia o nombre geográfico como elemento inicial problema político
650 #4 - ASIENTO SECUNDARIO DE MATERIA--TÉRMINO DE MATERIA
9 (RLIN) 29918
Término de materia o nombre geográfico como elemento inicial mecanismo de control
650 #4 - ASIENTO SECUNDARIO DE MATERIA--TÉRMINO DE MATERIA
9 (RLIN) 30776
Término de materia o nombre geográfico como elemento inicial política comunitaria
650 #4 - ASIENTO SECUNDARIO DE MATERIA--TÉRMINO DE MATERIA
9 (RLIN) 26752
Término de materia o nombre geográfico como elemento inicial UE
650 #4 - ASIENTO SECUNDARIO DE MATERIA--TÉRMINO DE MATERIA
9 (RLIN) 26940
Término de materia o nombre geográfico como elemento inicial Europa
650 #4 - ASIENTO SECUNDARIO DE MATERIA--TÉRMINO DE MATERIA
9 (RLIN) 27233
Término de materia o nombre geográfico como elemento inicial teoría política
653 10 - TÉRMINO DE INDEXACIÓN--NO CONTROLADO
Término no controlado Ciencias Sociales-Políticas
902 ## - CES. TIPO DE DOCUMENTO
Tipodoc (006$c Sirtex) LIB Libro
942 ## - ELEMENTOS KOHA
Fuente de clasificaión o esquema Clasificación propia del CES
Koha [por defecto] tipo de item Monografías
Parte de clasificación Ciencias Sociales Politicas Empresariale
Existencias
Número de registro Signatura completa Tipo de item de Koha
203451 SG-7.0.-824 Monografías
© CES, Consejo Económico y Social de España 2021